| 000 | 00835nam a2200241 a 4500 | ||
|---|---|---|---|
| 001 | 47895 | ||
| 003 | BD-RjUL | ||
| 005 | 20211209054422.0 | ||
| 008 | 160810s2009 bg ||||| |||| 00| 0 ben d | ||
| 020 |
_a984701130074x _c: Tk. 200.00 |
||
| 035 | _a(BD-RjUL)48014 | ||
| 040 |
_aBD-RjUL _bben _cBD-RjUL |
||
| 041 | _aben | ||
| 082 |
_223 _a514 _bMAT 2009 |
||
| 100 | 1 |
_aমজুমদার, সুব্রত _9119502 |
|
| 245 | 1 | 0 |
_aটপোলজি / _cসুব্রত মজুমদার ও নাসিমা আখতার |
| 260 |
_aঢাকা : _bঅধুনা প্রকাশন, _c২০০৯ |
||
| 300 |
_a২৬৩ পৃ. ; _c২০ সেমি. |
||
| 650 |
_aটপোলজি _9145367 |
||
| 650 |
_aTopology _9145368 |
||
| 700 |
_aআখতার, নাসিমা _9145369 |
||
| 942 |
_2ddc _cBK |
||
| 999 |
_c47895 _d47895 |
||